| 000 | 00546nam a22001817a 4500 | ||
|---|---|---|---|
| 005 | 20230322043248.0 | ||
| 008 | 230322b |||||||| |||| 00| 0 eng d | ||
| 020 | _a0-14-032952-8 | ||
| 082 | _aFic. J52 1989 | ||
| 100 |
_aJenkins, Lyll Becerra de _eauthor |
||
| 245 |
_aThe honorable prison / _cLyll Becerra de Jenkins |
||
| 260 |
_aNew York: _bPuffin Books, _cc1989 |
||
| 300 | _a199p. | ||
| 541 | _e5513 | ||
| 650 | _aPolitical prisoners - Latin America - Fiction | ||
| 650 | _aFreedom of speech - Fiction | ||
| 650 | _aLatin American - Fiction | ||
| 999 |
_c1942 _d1942 |
||